Účetní triky v širém světě

Joseph Stiglitz o skreslujúcich účtovníckych pravidlách Medzinárodného menového fondu. Porušovanie účtovných pravidiel na príklade Enronu.

Uložené v:
Podrobná bibliografia
Hlavný autor: Stiglitz, Joseph E.
Médium: Kapitola
Jazyk:Czech
Predmet:
Tagy: Pridať tag
Žiadne tagy, Buďte prvý, kto otaguje tento záznam!

MARC

LEADER 00000naa a2200000 4500
001 r046567
005 20231004070738.6
041 0 |a cze 
044 |a CZ 
245 1 0 |a Účetní triky v širém světě  |c Joseph E. Stiglitz 
520 |a Joseph Stiglitz o skreslujúcich účtovníckych pravidlách Medzinárodného menového fondu. Porušovanie účtovných pravidiel na príklade Enronu. 
610 2 0 |a účtovníctvo finančné 
610 2 0 |a Medzinárodný menový fond 
610 2 0 |a krajiny rozvojové 
610 2 0 |a krajiny vyspelé 
100 1 |a Stiglitz, Joseph E.